Valtioiden muotoja lipuilla #10 - Statistics

Yleistilastot
  • Tätä visaa on pelattu 457 kertaa
  • Keskiarvotulos 12 / 16
Vastaustilastot
Kuvavisa Vastaus % Oikein
Tanska
99%
Kypros
94%
Unkari
93%
Mongolia
89%
Bhutan
88%
Andorra
83%
Liechtenstein
79%
Sambia
76%
Kamerun
75%
Kuwait
73%
Bolivia
68%
Tadžikistan
68%
Guinea
61%
Djibouti
59%
Komorit
57%
Kongon tasavalta
57%
Ehtoja vastaavia visoja ei löytynyt
Tulosjakauma
Jokaisen tuloksen saaneiden osuus
Persentiili vastausten määrän mukaan
Tuloshistoriasi
Et ole pelannut tätä visaa